Some comparisons across Central and East European countries in terms the rural population living standard
Popis a porovnanie zamestnanosti, miezd a cien v poľnohospodárstve a iných vidieckych odvetviach v krajinách SVE. Nedostatok štatistických dát. Významný pokles produkcie i zamestnanosti v týchto odvetviach počas transformácie. Oneskorovanie rasu životnej úrovne vidieckeho obyvateľstva v porovnaní...
Salvato in:
| Autore principale: | |
|---|---|
| Altri autori: | |
| Natura: | Capitolo di libro |
| Lingua: | inglese |
| Soggetti: | |
| Tags: |
Nessun Tag, puoi essere il primo ad aggiungerne!!
|
MARC
| LEADER | 00000naa$a2200000$$$4500 | ||
|---|---|---|---|
| 001 | 0053487 | ||
| 005 | 20231128141222.3 | ||
| 041 | 0 | |a eng | |
| 044 | |a CZ | ||
| 245 | 1 | 0 | |a Some comparisons across Central and East European countries in terms the rural population living standard |c Marie Vavrejnová, S. Lüpsik |
| 520 | |a Popis a porovnanie zamestnanosti, miezd a cien v poľnohospodárstve a iných vidieckych odvetviach v krajinách SVE. Nedostatok štatistických dát. Významný pokles produkcie i zamestnanosti v týchto odvetviach počas transformácie. Oneskorovanie rasu životnej úrovne vidieckeho obyvateľstva v porovnaní s ostatnými odvetviami národného hospodárstva. Nevyhnutnosť zrýchlenia procesu reštrukturalizácie poľnohospodárskeho odvetvia a podpory (najmä miestnymi samosprávami) multifunkčného charakteru poľnohospodárstva a rozvoja nepoľnohospodárskych aktivít vo vidieckych regiónoch. To sa týka všetkých krajín, aj keď každej v inej miere. | ||
| 610 | 2 | 0 | |a vidiek |
| 610 | 2 | 0 | |a obyvateľstvo |
| 610 | 2 | 0 | |a SVE |
| 610 | 2 | 0 | |a úroveň životná |
| 610 | 2 | 0 | |a zamestnanosť |
| 610 | 2 | 0 | |a mzdy |
| 610 | 2 | 0 | |a ceny |
| 610 | 2 | 0 | |a porovnanie medzinárodné |
| 100 | 1 | |a Vavrejnová, Marie | |
| 700 | 1 | |a Lüpsik, S. | |